| 000 | 00659nab#a2200229#c#4500 | ||
|---|---|---|---|
| 999 |
_c122213 _d122213 |
||
| 003 | IEF | ||
| 005 | 20191211121901.0 | ||
| 008 | 950704s1975 uuu|| #####0 b| |u | ||
| 040 |
_aIEF _cES-MaIEF |
||
| 100 | 1 |
_aBreña Cruz, Fernando Aníbal _97364 |
|
| 245 |
_aLa reforma impositiva de Canadá _cFernando Breña Cruz y Joaquín Soto Guinda |
||
| 260 | _c1975 | ||
| 500 | _aConclusiones,bibliografía | ||
| 650 | 4 |
_aREFORMA _910750 |
|
| 650 | 4 |
_aIMPUESTOS _947460 |
|
| 650 | 4 |
_aCANADA _933508 |
|
| 700 |
_941938 _aSoto Guinda, Joaquín |
||
| 773 | 0 |
_tHacienda pública española _w34570 _g33, p. 49-85 |
|
| 942 | _2udc | ||
| 942 | _2udc | ||